000 02318cam a2200397 a 4500
001 15957659
003 OSt
005 20150408113918.0
008 091023s2009 enk b 001 0 eng
010 _a 2009044397
015 _aGBA947222
_2bnb
016 7 _a015180995
_2Uk
020 _a9780333922507 (pbk.)
020 _a0333922506 (pbk.)
020 _a9780333922491 (hbk.)
020 _a0333922492 (hbk.)
035 _a(OCoLC)ocn298778213
040 _aDLC
_cDLC
_dYDX
_dBTCTA
_dYDXCP
_dUKM
_dBWK
_dSUC
_dVP@
_dCDX
_dDEBBG
_dDLC
050 0 0 _aPR4754
_b.W65 2009
082 0 0 _a823.8
_222
_bWJT
084 _aHL 2985
_2rvk
100 1 _aWolfreys, Julian,
_d1958-
_94191
245 1 0 _aThomas Hardy /
_cJulian Wolfreys.
260 _aBasingstoke, Hampshire ;
_aNew York :
_bPalgrave Macmillan,
_c2009.
300 _axi, 254 p. ;
_c22 cm.
490 1 _aCritical issues
504 _aIncludes bibliographical references and index.
505 0 _aIntroduction: Dwelling on Hardy -- Apprehension, suspension, abstention: Desperate remedies (1871) -- Distortions and transformations: Under the greenwood tree (1872), A pair of blue eyes (1873) -- Being and dwelling: Far from the madding crowd (1874),The return of the native (1878), Two on a tower (1882) -- Uncommon events: The trumpet major (1880), A laodicean (1881), The mayor of Casterbridge (1886) -- Confessions of the other: The woodlanders (1887), Tess of the D'Urbervilles (1891), Jude the obscure (1895) -- Afterword.
520 _a"No other major author of the nineteenth century has arguably produced as much critical activity as Thomas Hardy. This timely addition to the Critical Issues series explores the various philosophical views of critics, with close textual analysis of Hardy's novels and with reference to his poetry"--Provided by publisher.
600 1 0 _aHardy, Thomas,
_d1840-1928
_xCriticism and interpretation.
_94203
830 0 _aCritical issues (Palgrave Macmillan (Firm))
_94204
856 _uhttp://bvbm2.bib-bvb.de:8993/F?func=service&doc_library=BVB01&doc_number=017714492&line_number=0001&func_code=DB_RECORDS&service_type=MEDIA
_zInhaltsverzeichnis
906 _a7
_bcbc
_corignew
_d1
_eecip
_f20
_gy-gencatlg
942 _2ddc
_cDVD
999 _c14318
_d248818